| 000 | 01133cam a22002531i 4500 | ||
|---|---|---|---|
| 003 | SA-RiAUC | ||
| 005 | 20241020073629.0 | ||
| 008 | 241019s1986 le g i 00000 ara c | ||
| 040 |
_aSA-MaUQU _bara _cSA-RiAUC _erda |
||
| 082 | 0 | 4 |
_a258.4 _qSA-RiAUC |
| 090 |
_a258.4 _bب ا ر |
||
| 100 | 1 |
_aالبارودي، عبد الله بن عمر _eمؤلف. |
|
| 245 | 1 | 2 |
_aالبرق اللماع فيما في المغني من اتفاق وافتراق وإجماع : _bوهو فهرس لتلك لمسائل كما في كتاب المغني / _cإعداد عبد الله عمر البارودي. |
| 250 | _aالطبعة الأولى. | ||
| 264 | 1 |
_aبيروت : _bدار الجنان، _c1986 |
|
| 300 |
_a368 صفحة ؛ _c24 سم |
||
| 336 |
_aنص _btxt _2rdacontent _3كتاب |
||
| 337 |
_aبدون وسيط _bn _2rdamedia |
||
| 338 |
_aمجلد _bnc _2rdacarrier |
||
| 650 | 7 |
_aالفقه الحنبلي _vكشافات _2aucsh |
|
| 700 | 1 | 2 |
_iترتيب لـ (عمل) : _aابن قدامة، عبد الله بن أحمد، _d541-620 هجري _tالمغني. |
| 942 |
_2ddc _cBOOK _n0 |
||
| 949 |
_aSA-JeALM _d241019 _umohamedma123 _n1 |
||
| 999 |
_c1507 _d1507 |
||